| 000 | 00809nam a2200241 a 4500 | ||
|---|---|---|---|
| 001 | BRCA_5070 | ||
| 005 | 20190320204927.0 | ||
| 008 | 091110s1950----sp-#######---#000-0#spa-# | ||
| 041 | _aspa | ||
| 044 | _asp | ||
| 050 | 4 |
_aZ8158 _b.P33 1950 |
|
| 100 | 1 |
_aPalau y Dulcet, Antonio _912927 |
|
| 245 | 1 | 0 |
_aBibliografía de Don Miguel de Cervantes Saavedra _bcon breves notas y críticas y el valor comercial de la mayoría de los impresos _cAntonio Palau y Dulcet. |
| 260 |
_aBarcelona _bJ.M. Viader _c1950 |
||
| 300 |
_a80 p. _c27 cm. |
||
| 500 | _aEstado físico: Encuadernación deteriorada | ||
| 500 | _aD159 | ||
| 600 | 1 | 4 |
_aCervantes Saavedra, Miguel de _d1547-1616 _vBibliografía _97606 |
| 650 | 1 | 4 |
_aLibros _xPrecios _912928 |
| 650 | 1 | 4 |
_aLibreros y librerías _97444 |
| 902 | _aGFM | ||
| 942 |
_2lcc _cB |
||
| 999 |
_c4764 _d4764 |
||